000 00721nam a22002297a 4500
999 _c195150
_d195150
005 20230317130559.0
010 _aENG-136253
020 _c225.00
_a9788187134313
035 _aEN-119785
037 _bDBAD/PUB
082 _a363.7384
100 _aBhattacharya, S
245 _aEnvironmental Toxicology/
_cBy S. Bhattacharaya
260 _aBeliaghata
_bBooks and Allied (p) Ltd.
_c2011
270 _aShubham Plaza, First floor, 83/1
_bkolkata
_e700010
_k913365353844
_mbooks@cal.vsnl.net.in
300 _a222p.
_c24cm(pbk)
_bReferences
500 _aVolume 1 Ancient
700 _aBy Vijayakumari K.
700 _aBy Mumthas N.S
700 _aBy V. Sumangala
942 _2ddc
_cEN
_h363.7384
_mBHA